[Event "Figueres op 11th"]
[Site "Figueres"]
[Date "2010.08.14"]
[Round "4"]
[White "Garcia, Richard"]
[Black "Alcaraz Martinez, Felipe"]
[Result "1-0"]
[WhiteElo "1761"]
[BlackElo "2011"]
[PlyCount "99"]
[EventDate "2010.08.11"]
[EventType "swiss"]
[EventRounds "9"]
[EventCountry "ESP"]
[SourceTitle "CBM 137 Extra"]
[Source "ChessBase"]
[SourceDate "2010.09.01"]
[SourceVersion "1"]
[SourceVersionDate "2010.09.01"]
[SourceQuality "1"]

1. d4 Nf6 2. c4 e6 3. Nf3 d5 4. g3 Bb4+ 5. Bd2 Nc6 6. Bxb4 Nxb4 7. Qb3 a5 8. Nc3 0-0 9. Rc1 Qe7 10. a3 Nc6 11. Bg2 e5 12. dxe5 Nxe5 13. Nxe5 Qxe5 14. cxd5 Bg4 15. 0-0 Rab8 16. Rfe1 h5 17. h4 Rfd8 18. e4 c6 19. Qb6 cxd5 20. exd5 Qf5 21. Qd4 Bh3 22. Re5 Qg4 23. Qxg4 Bxg4 24. Nb5 Nd7 25. Re7 Nf6 26. d6 Nd7 27. Bd5 Kh8 28. Rc7 Nf6 29. Bxf7 Ng8 30. Bxg8 Rxg8 31. Rxb7 Rxb7 32. Rxb7 Rc8 33. Ra7 Be2 34. Rxa5 Bf3 35. Nd4 Bb7 36. Rxh5+ Kg8 37. Rb5 Be4 38. f3 Rc1+ 39. Kf2 Bd3 40. d7 Rf1+ 41. Ke3 Bc4 42. d8Q+ Kh7 43. Rb8 Re1+ 44. Kf4 Bf7 45. Qh8+ Kg6 46. h5+ Kf6 47. Qd8+ Re7 48. Qd6+ Be6 49. Rf8+ Rf7 50. Qxe6# 1-0

[Event "Figueres op 11th"]
[Site "Figueres"]
[Date "2010.08.13"]
[Round "3"]
[White "Alcaraz Martinez, Felipe"]
[Black "Garcia Castany, Jose"]
[Result "1-0"]
[WhiteElo "2011"]
[BlackElo "1477"]
[PlyCount "133"]
[EventDate "2010.08.11"]
[EventType "swiss"]
[EventRounds "9"]
[EventCountry "ESP"]
[SourceTitle "CBM 137 Extra"]
[Source "ChessBase"]
[SourceDate "2010.09.01"]
[SourceVersion "1"]
[SourceVersionDate "2010.09.01"]
[SourceQuality "1"]

1. d4 Nf6 2. c4 e6 3. Nc3 d5 4. Nf3 Bb4 5. Bd2 c5 6. e3 Nc6 7. cxd5 exd5 8. Bb5 0-0 9. 0-0 Bg4 10. Be2 Re8 11. Re1 Qb6 12. Qc2 cxd4 13. Na4 Qa5 14. exd4 Bxf3 15. gxf3 Bxd2 16. Red1 Bf4 17. Kf1 Rac8 18. Nc5 Qc7 19. a3 Bxh2 20. Rac1 Bf4 21. Rb1 Bd6 22. b4 Bxc5 23. bxc5 Qh2 24. Ke1 Re7 25. Rd3 Qg1+ 26. Kd2 Qxf2 27. Re1 Rce8 28. Qd1 Nh5 29. Kc3 Rxe2 30. Qd2 Kf8 31. Rxe2 Rxe2 32. Qd1 Nf4 33. Qb1 Rc2+ 34. Qxc2 Nxd3 35. Qxd3 Qe1+ 36. Kc2 Qf2+ 37. Kd1 g6 38. Qb3 Qxd4+ 39. Ke1 Qxc5 40. Qxb7 Nd4 41. Qb8+ Kg7 42. Qe5+ Kh6 43. Qh2+ Kg7 44. Qe5+ Kf8 45. Qb8+ Ke7 46. Qe5+ Kd7 47. Kf2 Qe7 48. Qxd4 Qxa3 49. Qxd5+ Qd6 50. Qxf7+ Qe7 51. Qd5+ Ke8 52. Qg8+ Kd7 53. Qd5+ Kc7 54. Qc4+ Kd8 55. Qg8+ Kd7 56. Qd5+ Kc7 57. Qc4+ Kd6 58. Qd4+ Ke6 59. Qe4+ Kf6 60. Qd4+ Kf7 61. Qf4+ Kg7 62. Qd4+ Kh6 63. Qd2+ Qg5 64. f4 Qc5+ 65. Kf3 Qc6+ 66. Kg3 Qc7 67. Kg4 1-0